Отечественные и зарубежные конструкции пружинных предохранительных клапанов для нефтяной, химической и газовой промышленности: [обзор]

Bibliografske podrobnosti
Glavni avtor: Мамонтов Г. В.
Korporativna značnica: Центральный институт научно-технической информации и технико-экономических исследований по химическому и нефтяному машиностроению (ЦИНТИХИМНЕФТЕМАШ)
Drugi avtorji: Абросимов Б. З., Зайцев М. А.
Izvleček:Исключено из фонда НТБ ТПУ
Jezik:ruščina
Izdano: Москва, [Б. и.], 1970
Serija:ХМ-10. Промышленная трубопроводная арматура
Format: Knjiga
KOHA link:https://koha.lib.tpu.ru/cgi-bin/koha/opac-detail.pl?biblionumber=348534

MARC

LEADER 00000nam0a2200000 4500
001 348534
005 20231101035915.0
035 |a (RuTPU)RU\TPU\retro\215 
090 |a 348534 
100 |a 20180226d1970 km y0rusy50 ca 
101 0 |a rus 
102 |a RU 
105 |a a z 001zy 
200 1 |a Отечественные и зарубежные конструкции пружинных предохранительных клапанов для нефтяной, химической и газовой промышленности  |e [обзор]  |f Г. В. Мамонтов, Б. З. Абросимов, М. А. Зайцев  |g Центральный институт научно-технической информации и технико-экономических исследований по химическому и нефтяному машиностроению (ЦИНТИХИМНЕФТЕМАШ) 
210 |a Москва  |c [Б. и.]  |d 1970 
215 |a 77 с.  |c ил. 
225 1 |a ХМ-10. Промышленная трубопроводная арматура 
320 |a Библиогр.: с. 75-76 
333 |a Исключено из фонда НТБ ТПУ 
675 |a 621.646  |v 4 
700 1 |a Мамонтов  |b Г. В. 
701 1 |a Абросимов  |b Б. З. 
701 1 |a Зайцев  |b М. А. 
712 0 2 |a Центральный институт научно-технической информации и технико-экономических исследований по химическому и нефтяному машиностроению (ЦИНТИХИМНЕФТЕМАШ)  |2 stltpush  |3 (RuTPU)RU\TPU\col\10810 
801 1 |a RU  |b 63413507  |c 20180226 
801 2 |a RU  |b 63413507  |c 20230411  |g RCR 
942 |c BK